000 00318nab a22001097u 4500
008 130520b1988 xxu||||| |||| 00| 0 spa d
041 _aspa
100 1 _aTorres González, S.
_967447
245 0 0 _aDar-es-Salaam 1976
_cS. Torres González
773 0 _tConcilium
_gV.2,1988,págs.295-304
_x0210-1041
_wRev134
942 _cAR
999 _c355435
_d355435